Art of public speaking (Record no. 4101)

MARC details
000 -LEADER
fixed length control field 00423nam a22001457a 4500
020 ## - INTERNATIONAL STANDARD BOOK NUMBER
ISBN 8183821383
050 ## - CALL NUMBER
Classification number PN4121.B38BAT
100 ## - AUTHOR
Personal name A. K. Batra
245 ## - TITLE
Title Art of public speaking
Statement of responsibility, etc A. K. Batra
260 ## - PUBLICATION INFORMATION
Place of publication New Delhi
Name of publisher Locus Press
Year of publication 2007
300 ## - DESCRIPTION
Number of Pages 148p
505 ## - FORMATTED CONTENTS NOTE
Table of Content 1. Plan and assess your speech<br/>2. Analyze your audience<br/>3. Research your topic<br/>4. Writing speech
650 ## - SUBJECTS
Topical Term public speeking
942 ## - ADDED ENTRY ELEMENTS (KOHA)
Koha item type Books
Holdings
Withdrawn status Lost status Collection code Home library Current library Shelving location Date acquired Full call number Accession Number Koha item type
    Reference Methodist University Library Main Methodist University Library Main General Stacks 20/08/2018 PN4121.B38 33896 Books
    Non-fiction Methodist University Library Main Methodist University Library Main General Stacks 20/08/2018 PN4121.B38 33897 Books
    Non-fiction Methodist University Library Main Methodist University Library Main General Stacks 20/08/2018 PN4121.B38 33898 Books
Copyright © 2026  MUG Library